Death in Paradise: The Poole Era - Statistics

General Stats
  • This quiz has been taken 23 times
  • The average score is 10 of 17
Answer Stats
Question Answer % Correct
Which city is DI Poole sent from to investigate? London
100%
Who reluctantly joins his team as his DS? Camille Bordey
95%
Which drink does he spend part of Series 1 trying to find? A good cup of tea
90%
Who studies for their Sergeant’s Exam in Series 2? Fidel Best
86%
DI Poole names a lizard after which person he read about in the paper? Prince Harry
86%
DS Angela Young steps in when Poole is sick, and Camille is where? Paris
81%
What is the name of her mother’s bar and restaurant? Catherine’s Bar
76%
Who is murdered by an ice pick as a university reunion holiday? DI Richard Poole
71%
What relation is Marlon Croft, a murder suspect, to Camille? Father
62%
Which DI was murdered in the first episode? DI Charlie Hulme
52%
What name do the team give to the rowing boat they fix up? ‘Roast Beef’
48%
What nickname does Doug Anderson use for Di Poole? ‘Dick’
43%
…and what is the name of their daughter, born at the end of Series 1? Rosie
33%
What is the name of the hurricane Saint Marie is braced for in Series 2? Hurricane {Irma}
14%
What is the name of Fidel Best’s wife? Juliet
14%
Which element do a team of treasure hunters discover in the hills? Palladium
14%
Which real singer plays singer Aimee, a friend of Camille? Jameelia
0%
No matching quizzes found
Score Distribution
Percent of People with Each Score
Percentile by Number Answered
Your Score History
You have not taken this quiz